Athletes to college - Statistics

General Stats
  • This quiz has been taken 50 times
  • The average score is 24 of 29
Answer Stats
Player University % Correct
12) Aaron Rodgers California
96%
19) Jaylen Brown California
96%
23) Caitlin Clark Iowa
96%
15) Michael Jordan North Carolina
96%
3) Peyton Manning Tennessee
96%
7) Kevin Durant Texas
96%
1) Paige Bueckers Connecticut
93%
22) Diana Taurasi Connecticut
93%
13) Angel Reese LSU
93%
10) Tom Brady Michigan
93%
21) Trevor Lawrence Clemson
91%
4) Jayson Tatum Duke
91%
20) Cooper Flagg Duke
91%
11) Patrick Mahomes Texas Tech
91%
8) Anthony Davis Kentucky
89%
14) Justin Herbert Oregon
87%
5) Steph Curry Davidson
85%
29) Matthew Stafford Georgia
85%
24) CJ Stroud Ohio State
85%
2) Eli Manning Ole Miss
85%
17) Rob Gronkowski Arizona
83%
9) Juju Watkins USC
83%
16) Josh Allen Wyoming
83%
25) Dak Prescott Mississippi State
76%
26) Drew Brees Purdue
76%
28) James Harden Arizona State
54%
30) Marcus Smart Oklahoma State
54%
6) Cameron Brink Stanford
41%
27) Drew Bledsoe Washington State
22%
No matching quizzes found
Score Distribution
Percent of People with Each Score
Percentile by Number Answered
Your Score History
You have not taken this quiz